00909nam a2200241 a 450000100100000000500170001000800410002702000150006804000130008308200130009610000290010924500730013826000310021130000210024249000560026350000740031950400300039370000390042383000620046204900090052495201170053399900170065000002455520200930023233.0110131s1982 sp r 000 0 spa d a8427606044 aDO-SdBNP ann*bnn*1 aDurkheim, Emilio.95033713aEl socialismo /cEmilio Durkheim ; edición de Ramón Ramos Torre. aMadrid :bNacional,c1982. a322 p. ;c22 cm.1 aClásicos para una biblioteca contemporánea.v22 aIncluye referencias bibliográficas y notas al pie de las páginas. aBibliografía : 91-96 p.1 aRamos Torres, Ramón,eed.950338 0aClásicos para una biblioteca contemporáneav22948480 aBNGR 001054708MOaGRbGRcCTd2011-01-31iLF1l0onn* nn*p24555-10r2020-06-25w2020-06-25y4ZPréstamo en sala c24048d24048